Оптимальное распределение нагрузок между агрегатами теплоэлектроцентралей при работе на рынке на сутки вперед; Вестник науки Сибири; № 15 : Спецвыпуск

Podrobná bibliografie
Parent link:Вестник науки Сибири: электронный научный журнал/ Томский политехнический университет (ТПУ).— , 2011-.— 2226-0064
№ 15 : Спецвыпуск.— 2015.— [С. 63-67]
Další autoři: Клер А. М. Александр Матвеевич, Максимов А. С. Алексей Сергеевич, Чалбышев А. В. Александр Владимирович, Степанова Е. В. Елена Леонидовна
Shrnutí:Заглавие с титульного листа
В работе рассматривается методика формирования ценовой заявки теплоэлектроцентралей при работе на рынке на сутки вперед. Цена электроэнергии формируется для трех степеней электрической мощности теплоэлектроцентрали, которые определяются с учетом оптимального распределения тепловых и электрических нагрузок между агрегатами. Приводится пример формирования ценовой заявки для крупной промышленно-отопительной теплоэлектроцентрали при прогнозируемом значении тепловой нагрузки теплосети.
Jazyk:ruština
Vydáno: 2015
Edice:Энергетика
Témata:
On-line přístup:http://earchive.tpu.ru/handle/11683/16892
Médium: MixedMaterials Elektronický zdroj Kapitola
KOHA link:https://koha.lib.tpu.ru/cgi-bin/koha/opac-detail.pl?biblionumber=542791

MARC

LEADER 00000naa2a2200000 4500
001 542791
005 20231101115115.0
035 |a (RuTPU)RU\TPU\prd\233299 
035 |a RU\TPU\prd\233296 
090 |a 542791 
100 |a 20150316d2015 k y0rusy50 ca 
101 0 |a rus 
102 |a RU 
135 |a drcn ---uucaa 
181 0 |a i  
182 0 |a b 
200 1 |a Оптимальное распределение нагрузок между агрегатами теплоэлектроцентралей при работе на рынке на сутки вперед  |f А. М. Клер [и др.] 
203 |a Текст  |c электронный 
215 |a 1 файл (720 Кб) 
225 1 |a Энергетика 
230 |a Электронные текстовые данные (1 файл : 720 Кб) 
300 |a Заглавие с титульного листа 
320 |a [Библиогр.: с. 67 (5 назв.)] 
330 |a В работе рассматривается методика формирования ценовой заявки теплоэлектроцентралей при работе на рынке на сутки вперед. Цена электроэнергии формируется для трех степеней электрической мощности теплоэлектроцентрали, которые определяются с учетом оптимального распределения тепловых и электрических нагрузок между агрегатами. Приводится пример формирования ценовой заявки для крупной промышленно-отопительной теплоэлектроцентрали при прогнозируемом значении тепловой нагрузки теплосети. 
337 |a Adobe Reader 
461 1 |0 (RuTPU)RU\TPU\prd\143680  |x 2226-0064  |t Вестник науки Сибири  |o электронный научный журнал  |f Томский политехнический университет (ТПУ)  |d 2011- 
463 1 |0 (RuTPU)RU\TPU\prd\233197  |t № 15 : Спецвыпуск  |v [С. 63-67]  |d 2015 
610 1 |a труды учёных ТПУ 
610 1 |a электронный ресурс 
610 1 |a теплоэлектроцентрали 
610 1 |a электроэнергия 
610 1 |a математическое моделирование 
610 1 |a электрическая мощность 
610 1 |a теплосети 
701 1 |a Клер  |b А. М.  |g Александр Матвеевич 
701 1 |a Максимов  |b А. С.  |g Алексей Сергеевич 
701 1 |a Чалбышев  |b А. В.  |g Александр Владимирович 
701 1 |a Степанова  |b Е. В.  |g Елена Леонидовна 
801 1 |a RU  |b 63413507  |c 20090623  |g PSBO 
801 2 |a RU  |b 63413507  |c 20180110  |g PSBO 
856 4 |u http://earchive.tpu.ru/handle/11683/16892 
942 |c BK